[Event "AUT-ch Seniors 65"]
[Site "Deutschlandsberg"]
[Date "2019.05.02"]
[Round "5.1"]
[White "Gneiss, Karl"]
[Black "Turian, Hans"]
[Result "1-0"]
[WhiteElo "2082"]
[BlackElo "1913"]
[PlyCount "57"]
[EventDate "2019.04.28"]
[EventType "swiss"]
[EventRounds "7"]
[EventCountry "AUT"]
[SourceTitle "EXT 2024"]
[Source "ChessBase"]
[SourceDate "2023.10.10"]
[SourceVersion "1"]
[SourceVersionDate "2023.10.10"]
[SourceQuality "1"]

1. e4 e5 2. Nc3 d6 3. f4 exf4 4. Nf3 Ne7 5. d4 Ng6 6. Bd3 Be7 7. g3 fxg3 8. hxg3 Bg4 9. Be3 h5 10. Qe2 c6 11. 0-0-0 Nd7 12. Qf2 Qa5 13. Rdf1 Bf6 14. Bc4 0-0 15. Nh2 Bh3 16. Rfg1 b5 17. Bb3 b4 18. Ne2 Be6 19. d5 cxd5 20. exd5 Bxd5 21. Qf5 Nde5 22. Bxd5 Qxd5 23. Kb1 Ne7 24. Qxh5 g6 25. Qh3 Rfc8 26. Ng4 Nxg4 27. Qxg4 Qc4 28. Bd4 Nf5 29. Bxf6 1-0

[Event "Feffernitz op 24th"]
[Site "Feffernitz"]
[Date "2015.08.16"]
[Round "2"]
[White "Turian, Hans"]
[Black "Eisenbeiser, Amadeus"]
[Result "0-1"]
[WhiteElo "2020"]
[BlackElo "2374"]
[PlyCount "58"]
[EventDate "2015.08.16"]
[EventType "swiss"]
[EventRounds "9"]
[EventCountry "AUT"]
[SourceTitle "EXT 2016"]
[Source "ChessBase"]
[SourceDate "2015.10.08"]
[SourceVersion "1"]
[SourceVersionDate "2015.10.08"]
[SourceQuality "1"]

1. d4 d6 2. g3 g6 3. Bg2 Bg7 4. Nf3 Nd7 5. b3 e5 6. Bb2 e4 7. Nfd2 f5 8. e3 Ngf6 9. c4 0-0 10. b4 Qe7 11. Nb3 c5 12. bxc5 dxc5 13. 0-0 b6 14. Ba3 Ba6 15. N1d2 Rfc8 16. Rc1 Qf7 17. Qe2 Rc7 18. Rc2 Rac8 19. dxc5 bxc5 20. Bb2 Nb6 21. f3 exf3 22. Bxf3 Re8 23. Ba3 Nfd7 24. Na5 Rxe3 25. Qxe3 Bd4 26. Qxd4 cxd4 27. Bd6 Rc8 28. c5 Bxf1 29. cxb6 Nxb6 0-1

[Event "Lienz op-B 18th"]
[Site "Lienz"]
[Date "2015.02.14"]
[Round "9"]
[White "Ploessnig, Michael"]
[Black "Turian, Hans"]
[Result "1/2-1/2"]
[WhiteElo "1945"]
[BlackElo "1997"]
[PlyCount "45"]
[EventDate "2015.02.07"]
[EventType "swiss"]
[EventRounds "9"]
[EventCountry "AUT"]
[SourceTitle "CBM 165 Extra"]
[Source "ChessBase"]
[SourceDate "2015.04.21"]
[SourceVersion "1"]
[SourceVersionDate "2015.04.21"]
[SourceQuality "1"]

1. e4 d6 2. Bc4 Nf6 3. Nc3 c6 4. d4 b5 5. Bd3 a6 6. Bg5 Nbd7 7. Nf3 h6 8. Bh4 g5 9. Bg3 Nh5 10. e5 Nxg3 11. hxg3 dxe5 12. dxe5 Bg7 13. e6 fxe6 14. Nxg5 Ne5 15. Qh5+ Kf8 16. 0-0-0 Qa5 17. Nh7+ Rxh7 18. Bxh7 b4 19. Nb1 Bd7 20. Rxd7 Qxa2 21. Rh4 Nxd7 22. Qf3+ Bf6 23. Rxb4 1/2-1/2

[Event "St Veit op-A 28th"]
[Site "St Veit"]
[Date "2009.07.12"]
[Round "2"]
[White "Turian, Hans"]
[Black "Kreisl, Robert"]
[Result "0-1"]
[WhiteElo "2088"]
[BlackElo "2422"]
[PlyCount "66"]
[EventDate "2009.07.11"]
[EventType "swiss"]
[EventRounds "9"]
[EventCountry "AUT"]
[SourceTitle "CBM 131 Extra"]
[Source "ChessBase"]
[SourceDate "2009.09.03"]
[SourceVersion "2"]
[SourceVersionDate "2009.09.16"]
[SourceQuality "1"]

1. d4 d5 2. Nf3 Nf6 3. e3 c5 4. c3 Qc7 5. Bb5+ Bd7 6. Bxd7+ Nbxd7 7. 0-0 g6 8. Nbd2 Bg7 9. Re1 0-0 10. b3 e5 11. dxe5 Nxe5 12. Nxe5 Qxe5 13. Bb2 Rfe8 14. f3 b5 15. Qc2 c4 16. b4 a5 17. a4 Nd7 18. f4 Qf6 19. Nf3 axb4 20. axb5 Rxa1 21. Bxa1 b3 22. Qd2 Nc5 23. Nd4 Ra8 24. Bb2 Ne4 25. Qc1 Qb6 26. Rd1 Bxd4 27. Rxd4 Qxb5 28. Qd1 Qb6 29. Qc1 Nc5 30. Rxd5 Nd3 31. Rxd3 cxd3 32. c4 Ra2 33. c5 Qa5 0-1

[Event "Latschach op 24th"]
[Site "Latschach"]
[Date "2008.08.14"]
[Round "7"]
[White "Turian, Hans"]
[Black "Leitner, Gerald"]
[Result "0-1"]
[WhiteElo "2036"]
[BlackElo "2211"]
[PlyCount "82"]
[EventDate "2008.08.09"]
[EventType "swiss"]
[EventRounds "9"]
[EventCountry "AUT"]
[SourceTitle "CBM 125 Extra"]
[Source "ChessBase"]
[SourceDate "2008.09.01"]
[SourceVersion "1"]
[SourceVersionDate "2008.09.01"]
[SourceQuality "1"]

1. d4 c5 2. d5 f5 3. g3 g6 4. Bg2 Nf6 5. Nc3 Bg7 6. Nh3 d6 7. 0-0 Na6 8. Bg5 h6 9. Bxf6 Bxf6 10. Nf4 g5 11. Ne6 Qb6 12. Rb1 Nc7 13. e4 Nxe6 14. Qh5+ Kf8 15. dxe6 Bxe6 16. exf5 Bxf5 17. Nd5 Qd8 18. Nxf6 exf6 19. Rbd1 Qd7 20. Rd2 Kg7 21. Qf3 Rab8 22. c3 b5 23. b4 Rhc8 24. Re1 cxb4 25. cxb4 Re8 26. Rf1 Re5 27. Qd1 Rd8 28. Re1 Rxe1+ 29. Qxe1 Be6 30. Bd5 Re8 31. Qd1 Bg4 32. Bf3 Bxf3 33. Qxf3 Re5 34. Qa8 d5 35. Rd4 h5 36. h4 g4 37. Kg2 Rf5 38. Qb8 Re5 39. Rf4 d4 40. Qa8 d3 41. Re4 d2 0-1

[Event "Latschach op 24th"]
[Site "Latschach"]
[Date "2008.08.10"]
[Round "2"]
[White "Testor, Sebastian"]
[Black "Turian, Hans"]
[Result "1-0"]
[WhiteElo "2254"]
[BlackElo "2036"]
[PlyCount "67"]
[EventDate "2008.08.09"]
[EventType "swiss"]
[EventRounds "9"]
[EventCountry "AUT"]
[SourceTitle "CBM 125 Extra"]
[Source "ChessBase"]
[SourceDate "2008.09.01"]
[SourceVersion "1"]
[SourceVersionDate "2008.09.01"]
[SourceQuality "1"]

1. d4 d5 2. c4 e6 3. Nc3 Bb4 4. Nf3 c6 5. e3 Nf6 6. Bd3 Nbd7 7. 0-0 0-0 8. a3 Bxc3 9. bxc3 Ne4 10. Qc2 f5 11. a4 b6 12. a5 Ba6 13. axb6 axb6 14. Rxa6 Rxa6 15. cxd5 Ra7 16. dxc6 Ndf6 17. Ne5 Nd5 18. Bb2 Ra2 19. Bc4 Ra7 20. Qe2 Rf6 21. Rc1 Rh6 22. g3 g5 23. f3 Nd6 24. Bb3 f4 25. Ng4 Rg6 26. e4 Ne7 27. Ne5 fxg3 28. hxg3 Rh6 29. Qe3 Nef5 30. exf5 Nxf5 31. Qf2 Qe8 32. Ng4 Rg6 33. Re1 h5 34. Rxe6 1-0

[Event "Latschach op 23rd"]
[Site "Latschach"]
[Date "2007.08.12"]
[Round "2"]
[White "Schmid, Thomas"]
[Black "Turian, Hans"]
[Result "1-0"]
[WhiteElo "2216"]
[BlackElo "2051"]
[PlyCount "55"]
[EventDate "2007.08.11"]
[EventType "swiss"]
[EventRounds "9"]
[EventCountry "AUT"]
[SourceTitle "CBM 120 Extra"]
[Source "ChessBase"]
[SourceDate "2007.11.01"]
[SourceVersion "1"]
[SourceVersionDate "2007.11.01"]
[SourceQuality "1"]

1. Nc3 d5 2. e4 d4 3. Nce2 e5 4. Ng3 Be6 5. c3 c5 6. Bb5+ Nd7 7. Nf3 f6 8. 0-0 a6 9. Be2 Ne7 10. b4 Nc6 11. bxc5 dxc3 12. d4 exd4 13. Nxd4 Nxd4 14. Qxd4 Qa5 15. c6 bxc6 16. Nf5 Bc5 17. Qd3 Bxf5 18. exf5 Ne5 19. Qg3 Kf8 20. Be3 Ba3 21. Bc1 Bc5 22. Rd1 Rd8 23. Rxd8+ Qxd8 24. Qxc3 Bd4 25. Ba3+ Kf7 26. Qb3+ Qd5 27. Qb7+ Ke8 28. Qe7# 1-0

[Event "Latschach op 22nd"]
[Site "Latschach"]
[Date "2006.08.19"]
[Round "9"]
[White "Trevisan, Luigi"]
[Black "Turian, Hans"]
[Result "1-0"]
[WhiteElo "2166"]
[BlackElo "2044"]
[PlyCount "83"]
[EventDate "2006.08.12"]
[EventType "swiss"]
[EventRounds "9"]
[EventCountry "AUT"]
[SourceTitle "CBM 113 Extra"]
[Source "ChessBase"]
[SourceDate "2006.09.14"]
[SourceVersion "1"]
[SourceVersionDate "2006.09.14"]
[SourceQuality "1"]

1. e4 d5 2. exd5 Qxd5 3. Nc3 Qd6 4. Bc4 Nf6 5. h3 c6 6. d3 Be6 7. Bxe6 Qxe6+ 8. Nge2 Qf5 9. Be3 Nbd7 10. Ng3 Qa5 11. 0-0 e6 12. Qe2 g6 13. Nge4 Bg7 14. Nd6+ Ke7 15. Nxb7 Qb4 16. Nc5 Rhb8 17. Na6 Qxb2 18. Bd4 Kf8 19. Nxb8 Nxb8 20. a4 Qb4 21. Qe3 Nbd7 22. Rab1 Qa5 23. Ne4 Qxa4 24. c4 Qa5 25. Rb7 e5 26. Bc3 Qa6 27. Rfb1 Nxe4 28. Qxe4 Ke8 29. Qe3 f6 30. Rc7 Qa3 31. Rbb7 Rd8 32. d4 Bf8 33. Rxa7 Qb3 34. dxe5 Bc5 35. Qe1 Nxe5 36. Ra1 Kf8 37. Bxe5 fxe5 38. Rxc6 Bd4 39. Rb1 Qc2 40. Kh1 Kg8 41. f3 Rf8 42. Rb7 1-0

[Event "Latschach op 22nd"]
[Site "Latschach"]
[Date "2006.08.16"]
[Round "6"]
[White "Turian, Hans"]
[Black "Hempel, Olaf"]
[Result "1-0"]
[WhiteElo "2044"]
[BlackElo "2181"]
[PlyCount "71"]
[EventDate "2006.08.12"]
[EventType "swiss"]
[EventRounds "9"]
[EventCountry "AUT"]
[SourceTitle "CBM 113 Extra"]
[Source "ChessBase"]
[SourceDate "2006.09.14"]
[SourceVersion "1"]
[SourceVersionDate "2006.09.14"]
[SourceQuality "1"]

1. e4 c6 2. d4 d5 3. exd5 cxd5 4. Bd3 Nc6 5. c3 Nf6 6. Bf4 Bg4 7. Qb3 Qc8 8. Nd2 Bh5 9. Ngf3 Bg6 10. Bxg6 hxg6 11. 0-0 e6 12. Rae1 Be7 13. Bg5 0-0 14. Ne5 Re8 15. f4 Rb8 16. Re3 b5 17. Rh3 b4 18. Qd1 bxc3 19. bxc3 Rb2 20. Qe1 Rxd2 21. Qh4 Nh5 22. g4 Bxg5 23. fxg5 Nxe5 24. gxh5 Qc4 25. hxg6 Nxg6 26. Qh7+ Kf8 27. Rhf3 Ke7 28. Rxf7+ Kd6 29. Qxg7 Ne7 30. Qe5+ Kd7 31. Re1 Qxc3 32. Qxe6+ Kd8 33. Rxe7 Qxd4+ 34. Kh1 Rxe7 35. Qxe7+ Kc8 36. Rc1+ 1-0

[Event "Villach Admira 60 op"]
[Site "Villach"]
[Date "2006.02.16"]
[Round "7"]
[White "Regatschnig, Horst"]
[Black "Turian, Hans"]
[Result "1/2-1/2"]
[WhiteElo "1863"]
[BlackElo "2052"]
[PlyCount "80"]
[EventDate "2006.02.11"]
[EventType "swiss"]
[EventRounds "9"]
[EventCountry "AUT"]
[SourceTitle "CBM 110 Extra"]
[Source "ChessBase"]
[SourceDate "2006.03.10"]
[SourceVersion "2"]
[SourceVersionDate "2006.03.10"]
[SourceQuality "1"]

1. d4 Nf6 2. Nf3 g6 3. g3 Bg7 4. Bg2 c6 5. 0-0 d6 6. c4 0-0 7. Nc3 Nbd7 8. e4 e5 9. dxe5 dxe5 10. Qc2 Qe7 11. b3 a5 12. Bb2 Nc5 13. Rad1 Bg4 14. h3 Bxf3 15. Bxf3 Ne6 16. Ne2 Nd7 17. Bg2 Ndc5 18. a3 Rfd8 19. Rxd8+ Rxd8 20. Rd1 Nd4 21. Nxd4 exd4 22. b4 axb4 23. axb4 d3 24. Qb1 Bxb2 25. bxc5 Bd4 26. Qxd3 Qxc5 27. Kh1 Kg7 28. Qb3 b6 29. f4 Ra8 30. Kh2 Ra3 31. Qxa3 Qxa3 32. Rxd4 Qc5 33. Rd7 Qxc4 34. e5 h5 35. h4 b5 36. Rd6 c5 37. Bd5 Qe2+ 38. Kg1 Qe1+ 39. Kg2 Qe2+ 40. Kg1 Qe1+ 1/2-1/2

[Event "Oberwart op"]
[Site "Oberwart"]
[Date "2002.07.08"]
[Round "4"]
[White "Turian, Hans"]
[Black "Steiner, Bruno"]
[Result "0-1"]
[WhiteElo "2160"]
[BlackElo "2252"]
[PlyCount "82"]
[EventDate "2002.07.05"]
[EventType "swiss"]
[EventRounds "9"]
[EventCountry "AUT"]
[SourceTitle "CBM 089 Extra"]
[Source "ChessBase"]
[SourceDate "2002.09.10"]
[SourceVersion "2"]
[SourceVersionDate "2002.09.10"]
[SourceQuality "1"]

1. d4 d5 2. Bg5 h6 3. Bh4 c6 4. Nf3 Qb6 5. Qc1 Bf5 6. e3 e6 7. Be2 Nd7 8. 0-0 c5 9. c3 Ngf6 10. Nbd2 Rc8 11. Re1 Bd6 12. Bg3 Bxg3 13. hxg3 0-0 14. Nh4 Bh7 15. f4 a6 16. Nhf3 Qd6 17. Ne5 b5 18. a3 Nb6 19. Bf3 cxd4 20. exd4 a5 21. Nb3 b4 22. axb4 axb4 23. Nc5 bxc3 24. bxc3 Nfd7 25. Nexd7 Nxd7 26. Ra6 Qc7 27. Nxd7 Qxd7 28. Qa3 Bd3 29. Ra5 Qd8 30. Ra1 g6 31. Rd1 Bc4 32. Ra1 Rb8 33. Bd1 h5 34. Ra7 h4 35. Kh2 Kg7 36. Qe7 hxg3+ 37. Kxg3 Qb6 38. Bc2 Qb2 39. Bd1 Qxc3+ 40. Bf3 Qxd4 41. Qxe6 Qxa1 0-1

[Event "AUT-chT 9495"]
[Site "Austria"]
[Date "1995.??.??"]
[Round "?"]
[White "Baumegger, Siegfried"]
[Black "Turian, Hans"]
[Result "0-1"]
[WhiteElo "2205"]
[BlackElo "2225"]
[PlyCount "82"]
[EventDate "1994.??.??"]
[EventType "team"]
[EventRounds "11"]
[EventCountry "AUT"]
[SourceTitle "CBM 045 Extra"]
[Source "ChessBase"]
[SourceDate "1995.05.01"]
[SourceVersion "1"]
[SourceVersionDate "1995.05.01"]
[SourceQuality "1"]

1. e4 e6 2. d4 d5 3. Nc3 Nf6 4. Bg5 dxe4 5. Nxe4 Be7 6. Bxf6 Bxf6 7. Nf3 0-0 8. Qd2 Nd7 9. 0-0-0 b6 10. Bd3 Be7 11. h4 Bb7 12. Rh3 c5 13. Rg3 Kh8 14. Qf4 c4 15. Bxc4 Bxe4 16. Qxe4 Nf6 17. Qe3 Rc8 18. Bb3 b5 19. Ne5 Nd5 20. Qf3 Bf6 21. Bxd5 exd5 22. Qf5 g6 23. Qg4 Bxh4 24. Rh3 Qg5+ 25. f4 Qxg4 26. Nxg4 Be7 27. Ne3 Rfd8 28. Rdh1 h5 29. g4 Bd6 30. Ng2 Kg7 31. gxh5 Rh8 32. hxg6 Rxh3 33. Rxh3 fxg6 34. Kd2 Re8 35. c3 Re4 36. Rf3 Kf6 37. Kd3 Kf5 38. Ne3+ Ke6 39. f5+ gxf5 40. Rxf5 Rxe3+ 41. Kxe3 Kxf5 0-1

[Event "Bled op 16th"]
[Site "Bled"]
[Date "1995.??.??"]
[Round "1"]
[White "Mestrovic, Zvonimir"]
[Black "Turian, Hans"]
[Result "1-0"]
[WhiteElo "2415"]
[BlackElo "2225"]
[PlyCount "57"]
[EventDate "1995.03.??"]
[EventType "swiss"]
[EventRounds "9"]
[EventCountry "SLO"]
[SourceTitle "EXT 1998"]
[Source "ChessBase"]
[SourceDate "1997.11.17"]
[SourceVersion "1"]
[SourceVersionDate "1997.11.17"]
[SourceQuality "1"]

1. d4 e6 2. Nc3 d5 3. e4 Nf6 4. Bg5 dxe4 5. Nxe4 Be7 6. Bxf6 Bxf6 7. Nf3 0-0 8. c3 Nd7 9. Bc4 e5 10. d5 Qe7 11. 0-0 Rd8 12. d6 cxd6 13. Qxd6 Qxd6 14. Nxd6 Nb6 15. Bxf7+ Kf8 16. Nxc8 Raxc8 17. Be6 Rc6 18. Bf5 g6 19. Be4 Rc7 20. Rad1 Re8 21. b3 Nd7 22. c4 Nc5 23. Rfe1 b6 24. Bd5 Rce7 25. b4 Na6 26. a3 e4 27. Nd4 Nc7 28. Nc2 Kg7 29. Bc6 1-0

[Event "AUT-chT 9495"]
[Site "Austria"]
[Date "1995.??.??"]
[Round "?"]
[White "Thallinger, Guenther"]
[Black "Turian, Hans"]
[Result "1-0"]
[WhiteElo "2200"]
[BlackElo "2225"]
[PlyCount "61"]
[EventDate "1994.??.??"]
[EventType "team"]
[EventRounds "11"]
[EventCountry "AUT"]
[SourceTitle "CBM 045 Extra"]
[Source "ChessBase"]
[SourceDate "1995.05.01"]
[SourceVersion "1"]
[SourceVersionDate "1995.05.01"]
[SourceQuality "1"]

1. e4 e5 2. Nc3 Nc6 3. Nf3 Bc5 4. Nxe5 Bxf2+ 5. Kxf2 Nxe5 6. d4 Nc6 7. Be3 d6 8. Be2 Nge7 9. Rf1 0-0 10. Kg1 f5 11. Bc4+ Kh8 12. Bg5 Qe8 13. Nb5 Qd8 14. Qe1 a6 15. Nc3 Qe8 16. Nd5 Nxd5 17. exd5 Nxd4 18. Qd2 Nb5 19. Rae1 Qh5 20. Re7 Qg4 21. Bf4 c6 22. dxc6 bxc6 23. a4 d5 24. axb5 dxc4 25. b6 a5 26. Be5 Rg8 27. b7 Bxb7 28. Rxb7 Rae8 29. Qd4 Qg6 30. Rxf5 Ra8 31. Rff7 1-0

[Event "Bled op 16th"]
[Site "Bled"]
[Date "1995.??.??"]
[Round "5"]
[White "Truta, Srecko"]
[Black "Turian, Hans"]
[Result "1-0"]
[WhiteElo "2235"]
[BlackElo "2225"]
[PlyCount "101"]
[EventDate "1995.03.??"]
[EventType "swiss"]
[EventRounds "9"]
[EventCountry "SLO"]
[SourceTitle "EXT 1998"]
[Source "ChessBase"]
[SourceDate "1997.11.17"]
[SourceVersion "1"]
[SourceVersionDate "1997.11.17"]
[SourceQuality "1"]

1. d4 e6 2. c4 f5 3. Nf3 Nf6 4. g3 c6 5. Bg2 d5 6. Qc2 Bd6 7. 0-0 0-0 8. Nc3 b6 9. Bg5 Qe8 10. Ne5 Bb7 11. cxd5 exd5 12. Nd3 Na6 13. a3 Nc7 14. b4 b5 15. e3 Nd7 16. Bf4 Qe7 17. Bxd6 Qxd6 18. Ne2 a5 19. Nc5 Bc8 20. Qc3 Nb6 21. Nf4 Nc4 22. Nfd3 a4 23. Rae1 Re8 24. Re2 Be6 25. f3 Bf7 26. Nf2 Bh5 27. Rfe1 Ne6 28. Nfd3 g5 29. Ne5 Nc7 30. g4 Bg6 31. gxf5 Bxf5 32. e4 Be6 33. Nb7 Qf8 34. Nxc6 g4 35. e5 Qg7 36. f4 Rf8 37. Rf1 Rae8 38. Nd6 Ra8 39. f5 Bd7 40. f6 Qg5 41. Ne7+ Kh8 42. Nb7 Ne6 43. Nc5 Nxc5 44. dxc5 Be6 45. Nxd5 Rad8 46. Nf4 Bf5 47. e6 Qxf6 48. Qxf6+ Rxf6 49. e7 Re8 50. Nd5 Re6 51. Rxe6 1-0

[Event "AUT-chT 9495"]
[Site "Austria"]
[Date "1995.??.??"]
[Round "?"]
[White "Turian, Hans"]
[Black "Fischer, Johann"]
[Result "0-1"]
[WhiteElo "2225"]
[BlackElo "2305"]
[PlyCount "80"]
[EventDate "1994.??.??"]
[EventType "team"]
[EventRounds "11"]
[EventCountry "AUT"]
[SourceTitle "CBM 045 Extra"]
[Source "ChessBase"]
[SourceDate "1995.05.01"]
[SourceVersion "1"]
[SourceVersionDate "1995.05.01"]
[SourceQuality "1"]

1. d4 Nf6 2. Bg5 Ne4 3. Bf4 d5 4. f3 Nf6 5. Nc3 c6 6. e4 e6 7. e5 Nh5 8. Be3 g6 9. f4 Ng7 10. Nf3 b6 11. Bf2 Ba6 12. Bxa6 Nxa6 13. Ne2 Nc7 14. 0-0 c5 15. c3 c4 16. Bh4 Be7 17. Bxe7 Qxe7 18. Kh1 h5 19. Ng5 Nf5 20. Rf3 h4 21. Rh3 Kd7 22. b4 a5 23. a3 Kc6 24. Qb1 axb4 25. axb4 f6 26. Rxa8 Rxa8 27. Nf3 Ra3 28. exf6 Qxf6 29. Ne5+ Kb7 30. g4 hxg3 31. hxg3 g5 32. Qc1 Ra2 33. fxg5 Qf8 34. Nf4 Qa8 35. g4 Ra1 36. Qxa1 Qxa1+ 37. Kh2 Qb2+ 38. Ng2 Ng7 39. Rh7 Qxc3 40. g6 Qxd4 0-1